Separatist Currents in Moravian Fascism and National Socialism

Titel: Separatist Currents in Moravian Fascism and National Socialism / Miroslav Mareš
Verfasser:
In: Fascism, Band 2, Heft 1 (2013), Seite 41-67
alle Artikel anzeigen
Veröffentlicht: 2013
Format: Aufsatz
Sprache: Englisch
Schlagworte:
Kein Bild verfügbar
X
alg: 41994312
001A    $03025:10-11-17 
001B    $01999:10-11-17 $t23:46:35.000 
001C    $03025:10-11-17 $t08:42:44.000 
001D    $03025:10-11-17 
001U    $0utf8 
001X    $00 
002@    $0Oou 
002C    $aText $btxt $2rdacontent 
002D    $aComputermedien $bc $2rdamedia 
002E    $aOnline-Ressource $bcr $2rdacarrier 
003@    $0419943129 
004P    $010.1163/22116257-00201010 
007A    $0419943129 $aHEB 
010@    $aeng 
010E    $erda 
011@    $a2013 
021A    $aSeparatist Currents in Moravian Fascism and National Socialism $hMiroslav Mareš 
028A    $BVerfasser $4aut $71032932112 $8Mareš, Miroslav$Z1974- [Tp3] $9319883973 
031A    $d2 $e1 $h41-67 $j2013 
039B    $aEnthalten in $8--Obvc--. Fascism. - Leiden {[u.a.] : Brill, 2012-. - Online-Ressource. - ISSN 2211-6257 $x201300000020001959 $9274617277 
044K    $RBöhmische Länder $RMähren-Schlesien $#Mähren $#Markgrafschaft Mähren $#Kronland Mähren $#Morava $#Markrabství Moravské $#Moravia $#Mehren $#מעהרין $#מדינת מעהרין $74074432-2 $8Mähren [Tg1] $9085209619 
044K    $RPolitische Bewegung $RAutonomiebewegung $RPartikularismus $RUnabhängigkeitsbewegung $RSeparatist $#Secession $#Sécession $#Sezession $#Separatismus $74054573-8 $8Separatismus [Ts1] $9085151866 
044K    $RIdeologie $RRechtsradikalismus $RAntifaschismus $RFaschist $#Fascism $#Fascisme $#Fascismo $#Faschismus $74016494-9 $8Faschismus [Ts1] $9085038679 
044K    $RFaschismus $RDrittes Reich $#National socialism $#National-socialisme $#Nazionalsocialismo $#Nacionalsocialismo $#National Socialism $#Faschismus $#Nationalsozialismus $#NS $74041316-0 $8Nationalsozialismus [Tsz] $908511314X 
045R    $aGeschichte 1918-2010 
045T    $a2,1 
046L    $aEnglische Zusammenfassung, Seite 41 

lok: 41994312 78

exp: 41994312 78 1 #EPN
201B/01 $010-11-17 $t08:42:16.000 
201C/01 $010-11-17 
201U/01 $0utf8 
203@/01 $01011508710 
208@/01 $a10-11-17 $be 
209A/01 $a/ $f000 $x00 
209A/01 $ab*p $x01 
220C/01 $apgar 
244Z/01 $#Böhmische Kronländer $#Länder der Böhmischen Krone $#Sudetenland $#Böhmen $#Mähren $#Mährisch-Schlesien $#Österreichisch-Schlesien $#Tschechische Sozialistische Republik Böhmische Länder $#Tschechei Böhmische Länder $#Země koruny české $74069573-6 $8--Tg1--Böhmische Länder $x01 $9085195553 
247C/01 $82080>Marburg/Lahn, Herder-Institut, Forschungsbibliothek, Bibliographieportal $9336309341
LEADER 00000caa a2200000 c 4500
001 419943129
003 DE-603
005 20171110234635.0
007 cr||||||||||||
008 171110s2013 xx |||| o| u00||u|eng c
024 7 |a 10.1163/22116257-00201010  |2 doi 
035 |a (DE-599)HEB419943129 
040 |a DE-603  |b ger  |c DE-603  |d DE-603  |e rda 
041 |a eng 
084 |a 2,1  |2 ssgn 
100 1 |a Mareš, Miroslav  |d 1974-  |e Verfasser  |4 aut  |0 (DE-603)319883973  |0 (DE-588)1032932112  |2 gnd 
245 0 0 |a Separatist Currents in Moravian Fascism and National Socialism  |c Miroslav Mareš 
264 0 |c 2013 
336 |a Text  |b txt  |2 rdacontent 
337 |a Computermedien  |b c  |2 rdamedia 
338 |a Online-Ressource  |b cr  |2 rdacarrier 
546 |a Englische Zusammenfassung, Seite 41 
648 7 |a Geschichte 1918-2010  |2 gnd 
650 7 |a Separatismus  |0 (DE-588)4054573-8  |0 (DE-603)085151866  |2 gnd 
650 7 |a Faschismus  |0 (DE-588)4016494-9  |0 (DE-603)085038679  |2 gnd 
650 7 |a Nationalsozialismus  |0 (DE-588)4041316-0  |0 (DE-603)08511314X  |2 gnd 
651 7 |a Mähren  |0 (DE-588)4074432-2  |0 (DE-603)085209619  |2 gnd 
773 0 8 |i Enthalten in  |t Fascism  |d Leiden ˜[u.a.] œ: Brill, 2012-  |h Online-Ressource  |x 2211-6257  |g Band 2, Heft 1 (2013), Seite 41-67  |w (DE-603)274617277  |w (DE-600)2627793-1 
924 1 |9 2080  |a (DE-603)1011508710  |b DE-2080  |c HES  |d d  |g /